A Menzies Aviation (Hungary) Kft. vagyoni-, pénzügyi és jövedelmezőségi helyzetének értékelése

Bibliográfiai részletek
Szerző: Kaposvölgyi Dóra
További közreműködők: Szabó Szabolcs
Dokumentumtípus: Diplomadolgozat
Kulcsszavak:Menzies Aviation (Hungary) Kft.
Liszt Ferenc Nemzetközi Repülőtér
Földi kiszolgálás
Online Access:http://dolgozattar.uni-bge.hu/11554

MARC

LEADER 00000nta a2200000 i 4500
001 dolg11554
005 20170517090509.0
008 170517suuuu hu om 000 hun d
040 |a BGE Dolgozattár Repozitórium  |b hun 
041 |a hu 
100 1 |a Kaposvölgyi Dóra 
245 1 2 |a A Menzies Aviation (Hungary) Kft. vagyoni-, pénzügyi és jövedelmezőségi helyzetének értékelése  |c Kaposvölgyi Dóra  |h [elektronikus dokumentum] 
695 |a Menzies Aviation (Hungary) Kft. 
695 |a Liszt Ferenc Nemzetközi Repülőtér 
695 |a Földi kiszolgálás 
700 1 |a Szabó Szabolcs  |e ths 
856 4 0 |u http://dolgozattar.uni-bge.hu/11554/1/Kaposv%C3%B6lgyi%20D%C3%B3ra_D8BQAW.pdf  |z Dokumentum-elérés